Od slávnej minulosti do neslávnej budúcnosti Súmrak nad slovenským rudným baníctvom hustne
História a súčasná situácia slovenského rudného baníctva. Perspektívy ťažby rudných baní. Útlmový program vlády SR a privatizácia závodov železorudných baní. Ekonomické výsledky ťažby a úpravy nerastných surovín. Vplyv ťažby na životné prostredie.
Salvato in:
| Autore principale: | |
|---|---|
| Natura: | Capitolo di libro |
| Lingua: | slovacco |
| Soggetti: | |
| Tags: |
Nessun Tag, puoi essere il primo ad aggiungerne!!
|
MARC
| LEADER | 00000naa a2200000 4500 | ||
|---|---|---|---|
| 001 | r000282 | ||
| 005 | 20221213113957.1 | ||
| 041 | 0 | |a slo | |
| 044 | |a SK | ||
| 245 | 1 | 0 | |a Od slávnej minulosti do neslávnej budúcnosti |b Súmrak nad slovenským rudným baníctvom hustne |c M. Potančok |
| 520 | |a História a súčasná situácia slovenského rudného baníctva. Perspektívy ťažby rudných baní. Útlmový program vlády SR a privatizácia závodov železorudných baní. Ekonomické výsledky ťažby a úpravy nerastných surovín. Vplyv ťažby na životné prostredie. | ||
| 610 | 2 | 0 | |a bane rudné |
| 610 | 2 | 0 | |a baníctvo |
| 610 | 2 | 0 | |a Slovensko |
| 610 | 2 | 0 | |a ťažba surovín |
| 610 | 2 | 0 | |a suroviny nerastné |
| 610 | 2 | 0 | |a rudy |
| 610 | 2 | 0 | |a prostredie životné |
| 100 | 1 | |a Potančok, Milan | |